| 000 | 00498cam a2200217 4500 | ||
|---|---|---|---|
| 008 | 090401t1993 xxu||||| |||| 00| 0 eng d | ||
| 020 | _a0851217907 | ||
| 035 | _a(Sirsi) u71201 | ||
| 041 | _aeng | ||
| 050 | _a336.24 | ||
| 100 | _aGibbons, Peter | ||
| 245 | _aCapital allowances. | ||
| 250 | _a3rd ed. | ||
| 260 |
_aLondon _bLongman _c1993 |
||
| 300 | _axxiii,425p. ; 24cm. | ||
| 350 | _a50 | ||
| 650 | _aCAPITAL ALLOWANCES | ||
| 690 | _aTAXATION | ||
| 942 | _n0 | ||
| 948 | _c04/03/1997 | ||
| 999 |
_c95394 _d95394 |
||